• 首页
  • 本馆介绍
  • 公告通知
  • 最新文献
  • 馆藏检索
  • 电子资源
  • 读者导购
  • 参考咨询
  • 我的图书馆
  • 登录
  • 详细信息显示
  • 放入我的书架
  • 预约/预借图书
  • 作者相关作品
  • 分类相关作品
  • 丛书相关作品
  • 出版社相关作品

书目信息

  • 表格格式
  • 工作单格式
  • 卡片格式
题名:
怎样写散文
    
 
作者: 郑洛 编
分册:  
出版信息: 北京   中国农业机械出版社  1982
页数: 193页
开本: 19cm
丛书名:
单 册:
中图分类: H052
科图分类:
主题词: 写作学 , 修辞学 , 汉语--文体论
电子资源:
ISBN:
000 00667nam0 2200265 45
001 0182004625
005 20060815112401.37
010    @dCNY0.60
091    @a7216.30
100    @a19950629d1982 em y0chiy0121 ea
101 0  @achi
102    @aCN@b110000
102    @aCN@b110000
105    @ay z 000zy
200 10 @a怎样写散文@Azen yang xie san wen@f郑洛编@FZheng Luo Bian
210    @a北京@c中国农业机械出版社@d1982
215    @a193页@d19cm
606 0  @a写作学
606 0  @a修辞学
606 0  @a汉语@x文体论
690    @aH052@v3
701  0 @a郑洛@4编
801  2 @aCN@bNLC@c20060815
801  0 @aCN@b上海图书馆@c20060815
905    @dH052@e132@f1@b78834
    
    怎样写散文/郑洛编.-北京:中国农业机械出版社,1982
    193页;19cm
    
    
    ISBN :CNY0.60
    
●
相关链接 在E读中查询图书 在五车中查询图书 在当当中查询图书 在豆瓣中查询图书


正题名:怎样写散文     索取号:H052/132         预约/预借

序号 登录号 条形码 馆藏地/架位号 状态 备注
1 0078831   000856283   第四借阅区/ [索取号:H052/132] 在馆    
2 0078832   000791619   第四借阅区/ [索取号:H052/132] 在馆    
3 0078833   000855453   第四借阅区/ [索取号:H052/132] 在馆    
4 0078834   002003254   第四借阅区/ [索取号:H052/132] 在馆    
5 0078835   000855373   第四借阅区/ [索取号:H052/132] 在馆    
6 0089012   001625511   密集书库/ [索取号:H052/132] 在馆    
7 0089013   001625502   密集书库/ [索取号:H052/132] 在馆    
8 0089014   000855417   第二样本阅览室/ [索取号:H052/132] 在馆    
9 0462840   204628402   密集书库/ [索取号:H052/132] 在馆    
唐山师范学院图书馆 欢迎您!
大连网信软件有限公司© 版权所有